Teoría general de los derechos humanos / (Registro nro. 387)
[ vista simple ]
| 000 -LEADER | |
|---|---|
| fixed length control field | 00761 am a2200217 a 4500 |
| 005 - FECHA ULTIMA MODIFICACION | |
| control field | 20240223122527.0 |
| 008 - CAMPO DE CONTROL (LIBRO) | |
| fixed length control field | 100618s1991||||ag # f |||| 001 0 spa d |
| 020 ## - INTERNATIONAL STANDARD BOOK NUMBER | |
| ISBN | 9505086505 |
| 041 ## - CODIGO DE IDIOMA | |
| Código de idioma del texto/pista de sonido o título separado | spa |
| 092 ## - SIGNATURA TOPOGRAFICA DEWEY LOCAL | |
| número de clasificación | 323.01 |
| libristica | 7 |
| sección | BID |
| 100 1# - ENTRADA PRINCIPAL--NOMBRE PERSONAL | |
| Nombre personal | Bidart Campos, Germán J. |
| 9 (RLIN) | 1198 |
| 245 ## - TITULO PROPIAMENTE DICHO | |
| Título | Teoría general de los derechos humanos / |
| Mención de responsabilidad y remanente de la transcripción de la portada | Germán J. Bidart Campos. |
| 250 ## - MENCION DE EDICION | |
| Mención de edición | 1a ed. |
| Mención de responsabilidad relacionada con la ed. | Según la 1a edición publicada en 1989 por la Universidad Nacional Autónoma de México. |
| 260 ## - PIE DE IMPRENTA | |
| Lugar de publicación, distribución, etc | Buenos Aires: |
| Nombre de la editorial, distribuidor, etc | Astrea; |
| Fecha de publicación | 1991. |
| 300 ## - DESCRIPCION FISICA | |
| Extension | 444 p. |
| 500 ## - NOTA GENERAL | |
| Nota general | Bidart Campos, G. J. (1991). Teoría general de los derechos humanos. (1a ed.). Buenos Aires : Astrea. |
| 653 ## - TÉRMINO INDIZADO - PALABRAS CLAVES | |
| Palabra clave | Ciencias Sociales |
| 653 ## - TÉRMINO INDIZADO - PALABRAS CLAVES | |
| Palabra clave | Derechos humanos |
| 930 ## - NUMERO DE INVENTARIO | |
| Número de inventario | 1660 |
| 942 ## - ADDED ENTRY ELEMENTS (KOHA) | |
| Source of classification or shelving scheme | Dewey Decimal Classification |
| Item type | Libros |
| Estado de retiro | Existencia | Estado general | No para prestamo | Ubicación permanente | ubicación actual | Sala de ubicación | Fecha de adquisición | Total Checkouts | Número de clasificación | Código de barras | Date last seen | Número de ejemplar | Price effective from | Koha tipo de elemento (item) |
|---|---|---|---|---|---|---|---|---|---|---|---|---|---|---|
| Biblioteca Medicina | Biblioteca Medicina | Circulación | 13/05/2011 | 323.01 7 BID | 1660 | 06/11/2014 | ej.1 | 13/05/2011 | Libros |